| 000 | 02283cam a2200493 i 4500 | ||
|---|---|---|---|
| 001 | xx004965395 | ||
| 003 | NUKAT | ||
| 005 | 20260430124836.0 | ||
| 008 | 201008s2020 pl a g |001 0dpol c | ||
| 020 |
_a9788380989580 _q(oprawa twarda) : _czł 35,00 |
||
| 035 | _a(OCoLC)1204366903 | ||
| 035 | _a(NUKAT)xx004965395 | ||
| 040 |
_aLUBL U/AK _bpol _erda _cLUBL U/AK _dLUBL U/WAGs _dOLSZT 008/bak |
||
| 045 | 2 |
_bd1980 _bd1981 |
|
| 046 | _k2020 | ||
| 100 | 1 |
_aSzkwarek, Łukasz. _eAutor _941018 |
|
| 245 | 1 | 0 |
_aNSZZ Solidarność Podregion Miastko w latach 1980-1981 / _cŁukasz Szkwarek ; Instytut Pamięci Narodowej - Komisja Ścigania Zbrodni Przeciwko Narodowi Polskiemu. |
| 246 | 3 | _aNiezależny Samorządny Związek Zawodowy "Solidarność" Podregion Miastko w latach 1980-1981 | |
| 260 |
_aWarszawa : _bInstytut Pamięci Narodowej, _c2020. |
||
| 300 |
_a223 strony, [8] stron tablic : _bilustracje ; _c21 cm. |
||
| 336 |
_aTekst _btxt _2rdacontent |
||
| 337 |
_aBez urządzenia pośredniczącego _bn _2rdamedia |
||
| 338 |
_aWolumin _bnc _2rdacarrier |
||
| 380 | _aKsiążki | ||
| 380 | _aPublikacje naukowe | ||
| 388 | 1 | _a2001- | |
| 490 | 1 | _aCentralny Projekt Badawczy IPN "Solidarność" i Opór Społeczny w PRL 1956-1989 | |
| 504 | _aBibliografia i netografia na stronach 201-205. Indeks. | ||
| 586 | 8 | _aKsiążka nagrodzona w konkursie im. Władysława Pobóg- Malinowskiego na Najlepszy Debiut Historyczny Roku | |
| 648 | 7 |
_a1901-2000 _2DBN _934996 |
|
| 648 | 7 |
_a1945-1989 _2DBN _936043 |
|
| 650 | 7 |
_aRuchy społeczne _2DBN _936915 |
|
| 650 | 7 |
_aStrajki _2DBN _940634 |
|
| 650 | 7 |
_aZwiązki zawodowe _2DBN _937239 |
|
| 650 | 7 |
_aOpór wobec władzy _zPolska _zMiastko (województwo pomorskie ; region) _y1970-2000. _2kaba _941021 |
|
| 651 | 7 |
_aMiastko (woj. pomorskie, pow. bytowski, gm. Miastko) _2DBN _941020 |
|
| 651 | 7 |
_aMiastko (woj. pomorskie, pow. bytowski, gm. Miastko ; okolice) _2DBN _941019 |
|
| 655 | 7 |
_aMonografia _2DBN _935240 |
|
| 658 | _aHistoria | ||
| 710 | 2 |
_aInstytut Pamięci Narodowej - Komisja Ścigania Zbrodni przeciwko Narodowi Polskiemu. _eInstytucja sprawcza _eWydawca _4pbl _911792 |
|
| 830 | 0 |
_a"Solidarność" i Opór Społeczny w PRL 1956-1989 _941001 |
|
| 920 | _a978-83-8098-958-0 (oprawa twarda) : zł 35,00 | ||
| 942 |
_2ddc _cBK_NM |
||
| 999 |
_c27901 _d27901 |
||